Taskmaster UK Contestants Sudden Death - Statistics

General Stats
  • This quiz has been taken 196 times
  • The average score is 65 of 95
Answers on the Grid
Answers color-coded by a green-red scale on the quiz's grid according to % correct below.
Aisling Bea
Al Murray
Alan Carr
Alan Davies
Alice Levine
Andy Zaltzman
Ardal O'Hanlon
Asim Chaudhry
Babatunde Aleshe
Bill Bailey
Bob Mortimer
Bridget Christie
Charlotte Ritchie
Chris Ramsey
Daisy Mae Cooper
Dara O Briain
Dave Gorman
David Baddiel
David Mitchell
Desiree Burch
Doc Brown
Ed Gamble
Emma Sidi
Fatiha El-Ghorri
Fern Brady
Frank Skinner
Frankie Boyle
Guz Khan
Hugh Dennis
Iain Stirling
Ivo Graham
Jack Dee
Jack Whitehall
Jamali Maddix
James Acaster
Jason Mantzoukas
Jenny Eclair
Jessica Knappett
Jimmy Carr
Jo Brand
Joanne McNally
Joe Lycett
Joe Thomas
Joe Wilkinson
John Kearns
John Robins
Johnny Vegas
Jon Richardson
Josh Widdicombe
Judi Love
Julian Clary
Katherine Parkinson
Katherine Ryan
Katy Wix
Kerry Godliman
Kevin Bridges
Kiell Smith-Bynoe
Lee Mack
Liza Tarbuck
Lolly Adefope
Lou Sanders
Lucy Beaumont
Mae Martin
Mark Watson
Mathew Baynton
Mawaan Rizwan
Mel Giedroyc
Michael McIntyre
Mike Wozniak
Miranda Hart
Morgana Robinson
Munya Chawawa
Nick Mohammed
Nish Kumar
Noel Fielding
Paul Chowdhry
Paul Sinha
Phil Wang
Rhod Gilbert
Richard Ayoade
Richard Herring
Richard Osman
Rob Beckett
Rob Brydon
Roisin Conaty
Romesh Ranganathan
Rose Matafeo
Rosie Jones
Rosie Ramsey
Russell Howard
Sally Phillips
Sam Campbell
Sara Pascoe
Sarah Kendall
Sarah Millican
Sian Gibson
Sophie Duker
Sophie Willan
Steve Pemberton
Stevie Martin
Sue Perkins
Susan Wokoma
Tim Key
Tim Vine
Victoria Coren Mitchell
 
Answer Stats
Answer % Correct
Aisling Bea
93%
Al Murray
87%
Bob Mortimer
86%
Alan Davies
82%
Asim Chaudhry
80%
Chris Ramsey
80%
Ed Gamble
80%
Alice Levine
78%
Ardal O'Hanlon
78%
Dara O Briain
78%
David Baddiel
77%
Bridget Christie
76%
Daisy Mae Cooper
76%
Frank Skinner
75%
Hugh Dennis
75%
Fatiha El-Ghorri
74%
James Acaster
74%
Doc Brown
73%
Fern Brady
73%
Ivo Graham
73%
Jason Mantzoukas
73%
Katherine Ryan
73%
Desiree Burch
72%
Andy Zaltzman
71%
Babatunde Aleshe
71%
Guz Khan
71%
Iain Stirling
71%
Joe Lycett
71%
Josh Widdicombe
71%
Charlotte Ritchie
70%
Frankie Boyle
70%
Jo Brand
70%
Joe Wilkinson
70%
Mae Martin
70%
Nish Kumar
70%
Jessica Knappett
69%
Joe Thomas
69%
Jenny Eclair
68%
Jon Richardson
68%
Judi Love
68%
Julian Clary
68%
Katy Wix
68%
Lou Sanders
68%
Mel Giedroyc
68%
Noel Fielding
68%
Rose Matafeo
68%
Kerry Godliman
67%
Lucy Beaumont
67%
Mark Watson
67%
Phil Wang
67%
Richard Osman
67%
Romesh Ranganathan
67%
Dave Gorman
66%
Jack Dee
66%
Lee Mack
66%
Liza Tarbuck
66%
Lolly Adefope
66%
Rhod Gilbert
66%
Rob Beckett
66%
Sue Perkins
66%
Tim Key
66%
Jamali Maddix
65%
John Kearns
65%
Johnny Vegas
65%
Mike Wozniak
65%
Sam Campbell
65%
Emma Sidi
64%
John Robins
64%
Katherine Parkinson
64%
Kiell Smith-Bynoe
64%
Mathew Baynton
64%
Paul Chowdhry
64%
Paul Sinha
64%
Rosie Ramsey
64%
Sally Phillips
64%
Tim Vine
64%
Joanne McNally
63%
Munya Chawawa
63%
Sara Pascoe
63%
Mawaan Rizwan
62%
Morgana Robinson
62%
Richard Herring
62%
Rosie Jones
62%
Sophie Duker
62%
Nick Mohammed
61%
Roisin Conaty
61%
Sian Gibson
61%
Susan Wokoma
61%
Victoria Coren Mitchell
61%
Sarah Millican
59%
Stevie Martin
59%
Russell Howard
58%
Steve Pemberton
58%
Sarah Kendall
57%
Sophie Willan
53%
No matching quizzes found
Score Distribution
Percent of People with Each Score
Percentile by Number Answered
Your Score History
You have not taken this quiz